Interpretación del cuarto evangelio / [por] C.H. Dodd

I tiakina i:
Ngā taipitopito rārangi puna kōrero
Kaituhi matua: Dodd, C.H (autor)
Hōputu: Pukapuka
Rangatū:"Biblioteca biblica cristiandad"
Ngā marau:
Ngā Tūtohu: Tāpirihia he Tūtohu
Kāore He Tūtohu, Me noho koe te mea tuatahi ki te tūtohu i tēnei pūkete!

MARC

LEADER 00000nam^a2200000^u^4500
001 000538766
005 20250521000000.0
008 060220s1000^^^^^^^^^^^^r^^^^^000^0^spa^d
009 20260310131128.122
035 |a FMI 000005652 
037 |a Acervo Xavier Clavigero 
096 |a 1.2/24/D 
100 |a Dodd, C.H.  |e (autor) 
245 1 0 |a Interpretación del cuarto evangelio / [por] C.H. Dodd 
264 |a Madrid : Cristiandad, 1978 
300 |a 476 p. 
336 |a texto  |b txt  |2 rdacontenido 
337 |a sin mediación  |b n  |2 rdamedio 
338 |a volumen  |b nc  |2 rdasoporte 
440 0 |a "Biblioteca biblica cristiandad" 
597 |a Trad. del inglés ("The interpretation of the fourth gospel") por J. Alonso Asenjo. 
649 |a XX 
650 |a COMENTARIOS BIBLICOS 
910 |a Fondo Francisco Migoya Covarrubias S.J. 
920 |a Impresos - Libros 
930 |a Fondos Especiales 
905 |a 134 
901 |a SBC04689  |b IT2  |c ESP  |u 20250521 
902 |a https://opac.biblio.iteso.mx/vufind/Record/000538766